Florida!!!-Taylor Swift (ft. Florence + The Machine) (All Lyrics) - Statistics

General Stats
  • This quiz has been taken 30 times
  • The average score is 390 of 415
Answer Stats
Lyrics % Correct
a
100%
all
100%
All
100%
And
100%
and
100%
be
100%
drug
100%
Florida!!!
100%
Florida
100%
for
100%
friends
100%
Fuck
100%
fuck
100%
get
100%
Go
100%
got
100%
hell
100%
I
100%
I'm
100%
in
100%
Is
100%
it
100%
just
100%
Just
100%
like
100%
me
100%
my
100%
of
100%
on
100%
on,
100%
one
100%
say
100%
So
100%
so
100%
take
100%
that
100%
the
100%
The
100%
this
100%
this,
100%
time
100%
to
100%
too
100%
we
100%
Well,
100%
well
100%
You
100%
you
100%
Your
100%
your
100%
are
94%
away
94%
back
94%
bad
94%
bottle
94%
but
94%
came
94%
can
94%
Can
94%
did
94%
fine
94%
had
94%
if
94%
it's
94%
It's
94%
know
94%
life
94%
only
94%
said
94%
song?
94%
them
94%
thing
94%
town
94%
up?
94%
up,
94%
up
94%
use
94%
was
94%
when
94%
wine
94%
with
94%
you're
94%
arrested
88%
At
88%
babies
88%
bathroom
88%
beat
88%
beautiful
88%
best
88%
bodies
88%
body
88%
bury
88%
charges
88%
cheat,
88%
city
88%
crazy
88%
dolls
88%
down
88%
driving
88%
drunk
88%
feeling
88%
ghosts,
88%
guess
88%
guest
88%
heat
88%
home's
88%
hurricane
88%
I'll
88%
I've
88%
lay
88%
least
88%
little
88%
Little
88%
mind,
88%
must
88%
myself
88%
name
88%
No
88%
or
88%
out
88%
really
88%
reeks
88%
regrets,
88%
rest
88%
shitstorm
88%
smell
88%
some
88%
Tell
88%
Texas
88%
They
88%
they
88%
true
88%
wash
88%
weed
88%
What
88%
what
88%
you'll
88%
any
81%
asks
81%
Barricaded
81%
been
81%
crimes
81%
Destin
81%
disappeared,
81%
ever
81%
forget,
81%
haunted,
81%
have
81%
here
81%
husband
81%
into
81%
need
81%
pack
81%
pay
81%
questions
81%
sink
81%
swamp
81%
their
81%
unforgivable
81%
wait
81%
want
81%
Yes,
81%
cheating
75%
dared
75%
despicable,
75%
exist
75%
girls
75%
lace
75%
rush
75%
don't
69%
timeshare
69%
work
69%
crash,
56%
left
44%
Love
44%
No matching quizzes found
Score Distribution
Percent of People with Each Score
Percentile by Number Answered
Your Score History
You have not taken this quiz